| Tag |
First Indicator |
Second Indicator |
Subfields |
| LEADER |
00000cam a2200000 i 4500 |
| 001 |
in00004792134 |
| 003 |
OCoLC |
| 005 |
20230613141233.2 |
| 008 |
220804s2023 nyub c 000 1 eng |
| 010 |
|
|
|a 2022023295
|
| 024 |
8 |
|
|a 40032287902
|
| 040 |
|
|
|a DLC
|b eng
|e rda
|c DLC
|d TXHLC
|d SVZ
|
| 019 |
|
|
|a 1333920875
|a 1374586441
|a 1374903218
|
| 020 |
|
|
|a 9780593488706
|q (hardcover)
|
| 020 |
|
|
|a 0593488709
|
| 020 |
|
|
|a 9780593488713
|q (library binding)
|
| 020 |
|
|
|a 0593488717
|
| 020 |
|
|
|z 9780593488720
|q (ebook)
|
| 035 |
|
|
|a (OCoLC)1333920612
|z (OCoLC)1333920875
|z (OCoLC)1374586441
|z (OCoLC)1374903218
|
| 042 |
|
|
|a pcc
|
| 043 |
|
|
|a ncho---
|
| 050 |
0 |
0 |
|a PZ7.1.F57324
|b Tu 2023
|
| 082 |
0 |
0 |
|a [Fic]
|2 23
|
| 100 |
1 |
|
|a Fitzgerald, María José,
|e author.
|
| 245 |
1 |
0 |
|a Turtles of the midnight moon /
|c María José Fitzgerald.
|
| 250 |
|
|
|a First edition.
|
| 264 |
|
1 |
|a New York :
|b Alfred A. Knopf,
|c [2023]
|
| 300 |
|
|
|a 312 pages :
|b map ;
|c 22 cm
|
| 336 |
|
|
|a text
|b txt
|2 rdacontent
|
| 337 |
|
|
|a unmediated
|b n
|2 rdamedia
|
| 338 |
|
|
|a volume
|b nc
|2 rdacarrier
|
| 521 |
|
|
|a Ages 8-12.
|b Alfred A. Knopf.
|
| 520 |
|
|
|a Twelve-year-old Barana and Abby come together to solve a sea turtle egg poaching mystery plaguing Barana's Honduran coastal village, and learn the true meaning of friendship, courage, and community along the way.
|
| 650 |
|
0 |
|a Friendship
|v Juvenile fiction.
|
| 650 |
|
0 |
|a Magic
|v Juvenile fiction.
|
| 650 |
|
0 |
|a Sea turtles
|v Juvenile fiction.
|
| 650 |
|
0 |
|a Poaching
|v Juvenile fiction.
|
| 650 |
|
0 |
|a Honduras
|v Juvenile fiction.
|
| 650 |
|
1 |
|a Friendship
|v Fiction.
|
| 650 |
|
1 |
|a Magic
|v Fiction.
|
| 650 |
|
1 |
|a Sea turtles
|v Fiction.
|
| 650 |
|
1 |
|a Poaching
|v Fiction.
|
| 651 |
|
1 |
|a Honduras
|v Fiction.
|
| 650 |
|
1 |
|a Mystery and detective stories.
|
| 655 |
|
0 |
|a Young adult fiction.
|
| 655 |
|
7 |
|a Detective and mystery fiction.
|2 fast
|0 (OCoLC)fst01726581
|
| 655 |
|
7 |
|a Novels.
|2 fast
|0 (OCoLC)fst01921742
|
| 655 |
|
7 |
|a Detective and mystery fiction.
|2 lcgft
|
| 655 |
|
7 |
|a Novels.
|2 lcgft
|
| 776 |
0 |
8 |
|i Online version:
|a Fitzgerald, María José
|t Turtles of the midnight moon.
|b First edition
|d New York : Alfred A. Knopf, 2023
|z 9780593488720
|w (DLC) 2022023296
|
| 945 |
|
|
|b 87614
|
| 947 |
|
|
|a A14852493908
|
| 980 |
|
|
|b print
|c 40032287902
|g 565712
|k USD
|m 18.89
|q 1
|s AcqMono Conventional
|t Approval plan
|u Vendor order reference number
|v ZYBP
|y Print approval
|z Physical resource
|
| 999 |
f |
f |
|i fe5bfb6e-7810-4f75-b166-c974e013c227
|s 8bdbfdae-e5f5-47c5-9527-11c56fd1df61
|t 0
|
| 952 |
f |
f |
|p normal
|a Texas A&M University
|b College Station
|c Sterling C. Evans Library
|s Evans curr
|d Evans: Curriculum Collection (4th floor)
|t 0
|e PZ7.1.F57324 Tu 2023
|h Library of Congress classification
|i unmediated -- volume
|m A14852493908
|